[Event "Kuopio op1"]
[Site "Kuopio"]
[Date "1995.??.??"]
[Round "?"]
[White "Gurevich, Vladimir"]
[Black "Taimanov, Mark E"]
[Result "1/2-1/2"]
[WhiteElo "2445"]
[BlackElo "2505"]

1.e4 c5 2.Nf3 e6 3.d4 cxd4 4.Nxd4 Nc6 5.Nc3 a6 6.g3 Nge7 7.Nb3 d6 8.Bg2 Bd7
9.O-O Nc8 10.a4 Be7 11.Be3 O-O 12.Qe2 b6 13.Rad1 Bf6 14.Nd4 Qc7 15.Nxc6 Bxc6
16.Bd4 Be5 17.Qc4 Ra7 18.Qb4 Rb7 19.f4 Bxd4+ 20.Qxd4 b5 21.axb5 axb5 22.Rf2  1/2-1/2

[Event "Kuopio op1"]
[Site "Kuopio"]
[Date "1995.??.??"]
[Round "?"]
[White "Erneste, Inguna"]
[Black "Kochyev, Alexander"]
[Result "1/2-1/2"]
[WhiteElo "2290"]
[BlackElo "2455"]

1.e4 c5 2.Nf3 e6 3.d4 cxd4 4.Nxd4 Nc6 5.Nc3 a6 6.Be2 Nge7 7.Be3 b5 8.O-O Bb7
9.f4 Nxd4 10.Qxd4 Nc6 11.Qd2 Be7 12.Bf3 O-O 13.Rad1 d6 14.Qf2 Qc8 15.Qg3 Kh8
16.Kh1 Qc7 17.e5 Rad8 18.exd6 Bxd6 19.Ne4 Be7 20.Nc5 Bc8 21.Qf2 Rxd1 22.Rxd1 Rd8
23.Rxd8+ Nxd8 24.Qd2 h6 25.b4 Qd6  1/2-1/2

[Event "Kuopio op1"]
[Site "Kuopio"]
[Date "1995.??.??"]
[Round "?"]
[White "Holmsten, Aleksei"]
[Black "Kuporosov, Viktor"]
[Result "0-1"]
[WhiteElo "2305"]
[BlackElo "2500"]

1.e4 c5 2.Nf3 e6 3.d4 cxd4 4.Nxd4 Nc6 5.Nc3 Qc7 6.Be2 a6 7.Be3 Nf6 8.O-O Be7
9.f4 d6 10.Qe1 O-O 11.Qg3 Bd7 12.Rae1 Rac8 13.Bf3 b5 14.a3 Nxd4 15.Bxd4 Bc6
16.Kh1 Ne8 17.f5 Bf6 18.Bxf6 Nxf6 19.Qh3 Rce8 20.g4 exf5 21.exf5 Qb7 22.Kg2 h6
23.Qg3 b4 24.axb4 Bxf3+ 25.Qxf3 Qxb4 26.h3 Qxb2 27.Rxe8 Rxe8 28.Rf2 Rc8  0-1

[Event "Kuopio op1"]
[Site "Kuopio"]
[Date "1995.??.??"]
[Round "?"]
[White "Gurevich, Vladimir"]
[Black "Kanko, Ilkka"]
[Result "1/2-1/2"]
[WhiteElo "2445"]
[BlackElo "2345"]

1.e4 c5 2.Nf3 e6 3.d4 cxd4 4.Nxd4 Nc6 5.Nc3 Qc7 6.g3 a6 7.Bg2 Nf6 8.O-O Be7
9.Re1 Nxd4 10.Qxd4 Bc5 11.Qd1 d6 12.Be3 Bxe3 13.Rxe3 O-O 14.Rd3 Ne8 15.Qd2 Rb8
16.a4 b6 17.Rd1 Bb7 18.Rd4 Rc8 19.Bf1 Qb8 20.Qe3 Rc5 21.R4d2 Qa8 22.Bg2 h6
23.f3 Qc8 24.Re1 Qc7 25.Qd3 Rc4 26.Bf1 Rc5 27.Bg2 Rc4 28.Re3 Qc8 29.b3 Rc5  1/2-1/2

[Event "Kurgan"]
[Site "Kurgan"]
[Date "1995.??.??"]
[Round "9"]
[White "Chuprov, A."]
[Black "Balashov, Yuri S"]
[Result "1-0"]
[WhiteElo "2420"]
[BlackElo "2505"]

1.e4 c5 2.Nf3 e6 3.d4 cxd4 4.Nxd4 Nc6 5.Nc3 a6 6.Be3 Nf6 7.Nxc6 bxc6 8.e5 Nd5
9.Nxd5 cxd5 10.Bd3 Qc7 11.Bd4 Bc5 12.Qg4 Bxd4 13.Qxd4 Rb8 14.O-O O-O 15.Rae1 f6
16.Qh4 h6 17.f4 Bb7 18.Qh5 fxe5 19.fxe5 Qc5+ 20.Kh1 Rxf1+ 21.Rxf1 Rf8 22.Rf6 Qe3
23.Rxf8+ Kxf8 24.Qf3+ Qxf3 25.gxf3 Ke7 26.Kg2 a5 27.f4 g5 28.fxg5 hxg5 29.Kg3 d6
30.exd6+ Kxd6 31.Kg4 e5 32.Kxg5 e4 33.Be2 Ke5 34.c3 d4 35.cxd4+ Kxd4 36.Kf4 e3
37.h4 Be4 38.h5 Bd3 39.h6 Bb1 40.b3 Bh7 41.a3 Kc3 42.b4 axb4 43.axb4 Kxb4
44.Kxe3 Kc5 45.Bd3 Bg8 46.Kf4 Kd5 47.Kg5 Ke5 48.Kg6  1-0

[Event "Clarin op"]
[Site "La Carlota"]
[Date "1995.??.??"]
[Round "4"]
[White "Valerga, Diego"]
[Black "Pierrot, Facundo"]
[Result "1/2-1/2"]
[WhiteElo "2475"]
[BlackElo "2385"]

1.e4 c5 2.Nc3 Nc6 3.Nge2 e6 4.d4 cxd4 5.Nxd4 Nf6 6.Nxc6 bxc6 7.e5 Nd5 8.Ne4 Qc7
9.f4 Qa5+ 10.c3 Ba6 11.Bxa6 Qxa6 12.Qe2 Qxe2+ 13.Kxe2 f5 14.Nf2 Rb8 15.Nd3 a5
16.Be3 Be7 17.c4 Nb4 18.Nxb4 Rxb4 19.b3 a4 20.Bd2 Rb7 21.b4 d6 22.exd6 Bxd6
23.Kf3 Kf7 24.a3 e5 25.fxe5 Bxe5  1/2-1/2

[Event "La Coruna TH op"]
[Site "La Coruna"]
[Date "1995.??.??"]
[Round "4"]
[White "Permuy, Carlos"]
[Black "Paunovic, Dragan"]
[Result "0-1"]
[WhiteElo "2345"]
[BlackElo "2460"]

1.e4 c5 2.Nf3 Nc6 3.d4 cxd4 4.Nxd4 e6 5.Nc3 Qc7 6.g3 a6 7.Bg2 Nf6 8.O-O Be7
9.Re1 O-O 10.Nxc6 dxc6 11.e5 Rd8 12.Qf3 Nd5 13.h4 h6 14.Bf1 Nxc3 15.Qxc3 b5
16.a4 b4 17.Qc4 c5 18.Bg2 Bb7 19.Bxb7 Qxb7 20.c3 Qf3 21.Bf4 g5 22.hxg5 hxg5
23.Be3 Kg7 24.Qe2 g4 25.Qxf3 gxf3 26.Bxc5 Bxc5 27.cxb4 Bxb4 28.Re4 Ba5 29.Rg4+ Kf8  0-1

[Event "La Coruna TH op"]
[Site "La Coruna"]
[Date "1995.??.??"]
[Round "8"]
[White "Mitkov, Nikola"]
[Black "Pierrot, Facundo"]
[Result "1-0"]
[WhiteElo "2470"]
[BlackElo "2385"]

1.e4 c5 2.Nc3 Nc6 3.Nf3 e6 4.d4 cxd4 5.Nxd4 Nf6 6.a3 Be7 7.Be3 d6 8.f4 O-O
9.Qf3 Qc7 10.Bd3 a6 11.O-O Nxd4 12.Bxd4 e5 13.Be3 exf4 14.Qxf4 Qc6 15.Bd4 Be6
16.Qh4 Rfe8 17.e5 dxe5 18.Bxe5 Qc5+ 19.Bd4 Qh5 20.Qxh5 Nxh5 21.Ne4 Rad8 22.Bb6 Rc8
23.Rae1 Nf6 24.Bd4 Nd7 25.b4 g6 26.Re2 f5 27.Nd2 Bf6 28.Bxf6 Nxf6 29.Rfe1 Kf7
30.c4 Rcd8 31.Nf3 h6 32.Ne5+ Kg7 33.Bc2 Bg8 34.c5 Bd5 35.h3 Be4 36.Bxe4 Nxe4
37.Nc4 Rd3 38.Re3 Red8 39.Na5 Rxe3 40.Rxe3 Rd1+ 41.Kh2 Rd7 42.Re1 Kf6 43.Rc1 f4
44.a4 Rd2 45.Rf1 g5 46.Nxb7 Ng3 47.Rc1 Nf5 48.Rc3 Ne3 49.c6 Nf1+ 50.Kg1 Rd1
51.Kf2 Ng3 52.Rxg3 fxg3+ 53.Ke2 Rc1 54.Nc5 Ke7 55.c7 Rxc5 56.bxc5 Kd7 57.Kf3 Kxc7
58.Kxg3 Kc6 59.Kg4 Kxc5 60.Kh5 Kb4 61.Kxh6 Kxa4 62.Kxg5  1-0

[Event "Las Palmas op"]
[Site "Las Palmas"]
[Date "1995.??.??"]
[Round "6"]
[White "Mitkov, Nikola"]
[Black "Cramling, Pia"]
[Result "0-1"]
[WhiteElo "2470"]
[BlackElo "2510"]

1.e4 c5 2.Nf3 e6 3.d4 cxd4 4.Nxd4 Nc6 5.Nc3 Qc7 6.Be3 a6 7.Nxc6 Qxc6 8.a4 Bc5
9.Qg4 Kf8 10.Qg5 Be7 11.Qa5 Nf6 12.f3 Rb8 13.Bb6 d6 14.Be2 h6 15.O-O Nd7
16.Be3 b6 17.Qh5 Nf6 18.Qh4 g6 19.Rfd1 Kg7 20.Rd2 b5 21.axb5 axb5 22.Ra7 Bd7
23.Bf1 b4 24.Ne2 e5 25.Nc1 Rb7 26.Ra6 Qc7 27.Qf2 Be6 28.Bb6 Qc8 29.Ra7 Rxa7
30.Bxa7 d5 31.exd5 Nxd5 32.Nd3 Bf6 33.Nc5 Bg5 34.Re2 Bf6 35.Rd2 Rd8 36.Nxe6+ Qxe6
37.Bc4 Qc6 38.b3 Nb6 39.Rxd8 Bxd8 40.Qe2 Qd7 41.Bxb6 Bxb6+ 42.Kh1 Qd4 43.Qe1 f5
44.g3 g5 45.Kg2 h5 46.Be2 g4 47.h3 gxf3+ 48.Bxf3 h4 49.gxh4 e4 50.Bd1 f4
51.Bg4 Kf6 52.Kh1 f3 53.h5 Qf2 54.Qa1+ Kf7  0-1

[Event "Leeuwarden op"]
[Site "Leeuwarden"]
[Date "1995.??.??"]
[Round "2"]
[White "Dvoirys, Semen I"]
[Black "Ligterink, Gert"]
[Result "1/2-1/2"]
[WhiteElo "2580"]
[BlackElo "2440"]

1.e4 c5 2.Nf3 e6 3.d4 cxd4 4.Nxd4 Nc6 5.Nc3 d6 6.Be2 Nf6 7.O-O Be7 8.Kh1 O-O
9.f4 a6 10.Bf3 Qc7 11.a4 Rd8 12.Be3 Ne5 13.Ncb5 axb5 14.Nxb5 Qc6 15.fxe5 dxe5
16.Qe2 b6 17.Bg5 Bb7 18.b3 Rd7 19.Rae1 Rad8 20.Qf2 Ng4 21.Qh4 Bxg5 22.Qxg5 Nf6
23.c3 Qc5 24.b4 Qc4 25.Qxe5 Bc6 26.h3 Rd2 27.Qf4 Bxb5 28.axb5 h6 29.Qe3 Qxb5
30.e5 Nh7 31.Be4 Ng5 32.Bb1 Qc6 33.Qg3 R8d7 34.h4 Nh7 35.Be4 Qc7 36.Bxh7+  1/2-1/2

[Event "Leeuwarden op"]
[Site "Leeuwarden"]
[Date "1995.??.??"]
[Round "3"]
[White "Knoppert, Erik G J"]
[Black "Brenninkmeijer, Joris"]
[Result "1/2-1/2"]
[WhiteElo "2400"]
[BlackElo "2500"]

1.e4 c5 2.Ne2 e6 3.Nbc3 Nc6 4.d4 cxd4 5.Nxd4 a6 6.Be2 d6 7.O-O Bd7 8.Kh1 Nf6
9.f4 Be7 10.Bf3 O-O 11.Nb3 e5 12.f5 b5 13.Bg5 b4 14.Bxf6 Bxf6 15.Nd5 a5 16.a4 bxa3
17.Rxa3 a4 18.Nc1 Rb8 19.Nd3 Nd4 20.c3 Nb3 21.N3b4 Bg5 22.g3 Nd2 23.Rf2 Nc4
24.Ra2 Bb5 25.Qe1 Nb6 26.h4 Bf6 27.Nxb6 Qxb6 28.Rg2 Qd8 29.Be2 Bd7 30.Bc4 Rc8
31.Bd5 g6 32.Qf1 gxf5 33.exf5 Kh8 34.Ra1 Qb6 35.Qf3 Qd8 36.Rag1 a3 37.bxa3 e4
38.Bxe4 Rxc3 39.Qh5 Re3 40.Bd5  1/2-1/2

[Event "Leeuwarden op"]
[Site "Leeuwarden"]
[Date "1995.??.??"]
[Round "4"]
[White "Ulibin, Mikhail"]
[Black "Ligterink, Gert"]
[Result "1-0"]
[WhiteElo "2545"]
[BlackElo "2440"]

1.e4 c5 2.Nf3 e6 3.d4 cxd4 4.Nxd4 Nc6 5.Nc3 d6 6.Be3 Nf6 7.f4 e5 8.fxe5 Ng4
9.Bg1 Ngxe5 10.Qd2 Be7 11.O-O-O O-O 12.Nf5 Bg5 13.Be3 Bxe3 14.Qxe3 Bxf5 15.exf5 f6
16.Be2 Rc8 17.Kb1 Ne7 18.g4 d5 19.Nb5 N7c6 20.Qb3 Kh8 21.Rxd5 Qe7 22.Rhd1 Na5
23.Qe3 b6 24.Nd6 Rc7 25.h4 Nac6 26.a3 h6 27.Nb5 Rb7 28.Rd6 a6 29.Re6 Qc5
30.Qxc5 bxc5 31.Nd6 Rd7 32.Ne4 Rxd1+ 33.Bxd1 c4 34.Rd6 a5 35.Be2 Re8 36.Nc5 c3
37.bxc3 Kh7 38.Ne6 h5 39.g5 Ne7 40.Nxg7  1-0

[Event "Leeuwarden op"]
[Site "Leeuwarden"]
[Date "1995.??.??"]
[Round "8"]
[White "Liss, Eran"]
[Black "Hjartarson, Johann"]
[Result "0-1"]
[WhiteElo "2480"]
[BlackElo "2570"]

1.e4 c5 2.Nf3 e6 3.d4 cxd4 4.Nxd4 Nc6 5.Nc3 a6 6.Be2 d6 7.Be3 Nf6 8.O-O Be7
9.f4 O-O 10.Qe1 Qc7 11.Qg3 Bd7 12.Kh1 Kh8 13.Rae1 Rac8 14.Nxc6 Bxc6 15.Bd4 b5
16.a3 Qb7 17.b4 Bxe4 18.Nxe4 Qxe4 19.c3 Qd5 20.Bd3 Kg8 21.Rf3 Rfe8 22.Qh4 Qh5
23.Qf2 g6 24.Rh3 Qd5 25.Qh4 Nh5 26.Qf2 Bf6 27.Be4 Qc4 28.Bd3 Qc7 29.Bb6 Qb7
30.Be4 d5 31.Bb1 Rxc3 32.Rxh5 gxh5 33.f5 e5 34.Bd4 Rc4 35.Bc5 Rg4 36.Qf3 Kh8
37.h3 Rg5 38.Be3 Rg7 39.Bh6 Rgg8 40.Qxh5 e4 41.Bf4 Qe7 42.Ba2 Bg5 43.Bh2 Rd8
44.Rd1 Bf6 45.Bxd5 Rg5  0-1

[Event "Leeuwarden op"]
[Site "Leeuwarden"]
[Date "1995.??.??"]
[Round "8"]
[White "Wiersma, Eelke"]
[Black "Riemersma, Liafbern"]
[Result "0-1"]
[WhiteElo "2280"]
[BlackElo "2415"]

1.e4 c5 2.Nf3 e6 3.d4 cxd4 4.Nxd4 Nc6 5.Nc3 d6 6.g4 a6 7.Be3 h6 8.Rg1 Be7
9.Qf3 Bd7 10.O-O-O b5 11.Bd3 Rc8 12.Kb1 Nf6 13.g5 hxg5 14.Rxg5 g6 15.Rg2 Nxd4
16.Bxd4 e5 17.Be3 Rxc3 18.bxc3 Qa5 19.Bc1 Be6 20.a3 d5 21.Qe3 Bxa3 22.Qa7 Be7
23.Bb2 Bd8 24.Kc1 d4 25.Bxb5+ Qxb5  0-1

[Event "Leeuwarden op"]
[Site "Leeuwarden"]
[Date "1995.??.??"]
[Round "9"]
[White "Oral, Tomas"]
[Black "Brenninkmeijer, Joris"]
[Result "1/2-1/2"]
[WhiteElo "2410"]
[BlackElo "2500"]

1.e4 c5 2.Nf3 e6 3.d4 cxd4 4.Nxd4 Nc6 5.Nc3 a6 6.Be3 Qc7 7.Bd3 Nf6 8.O-O Ne5
9.h3 Bc5 10.Kh1 d6 11.f4 Ned7 12.a4 b6 13.Qe1 Bb7 14.Nf3 Bxe3 15.Qxe3 Qc5
16.Qe1 e5 17.fxe5 dxe5 18.Nh4 g6 19.Rf3 Nh5 20.Ne2 O-O 21.Ng3 Nf4 22.Ne2 Nxe2
23.Qxe2 Qe7 24.Qf2 Nc5 25.Re3 Rad8 26.Nf3 f6 27.Qe2 Nxd3 28.Rxd3 Qb4 29.Rb3 Qxe4
30.Qxe4 Bxe4 31.Rxb6 a5 32.c4 Rb8 33.Rb5 Bc6 34.Rxa5 Rxb2 35.Rc5 Ba8 36.Rc7 Rd8
37.c5 e4 38.Nd4 Rxd4 39.Rc8+ Kf7 40.Rxa8 Rdd2 41.c6 Rbc2 42.a5 Rxg2 43.c7 e3
44.Re1 Rh2+ 45.Kg1 Rcg2+ 46.Kf1 Rf2+ 47.Kg1 Rhg2+  1/2-1/2

[Event "Liechtenstein op"]
[Site "Liechtenstein"]
[Date "1995.??.??"]
[Round "?"]
[White "Chandler, Patrick"]
[Black "Doskocil, Klaus"]
[Result "1-0"]
[WhiteElo "2165"]
[BlackElo "2245"]

1.e4 c5 2.Nc3 Nc6 3.Nf3 e6 4.d4 cxd4 5.Nxd4 Nf6 6.Be3 d6 7.Be2 Be7 8.Qd2 a6
9.O-O Qc7 10.f4 O-O 11.Bf3 Bd7 12.Rad1 Rac8 13.Nb3 b5 14.a3 Rfd8 15.Qf2 Rb8
16.Kh1 a5 17.Rd2 a4 18.Nc1 Ne8 19.N3a2 b4 20.axb4 Nxb4 21.Nxb4 Rxb4 22.Nd3 Rb7
23.Ra1 Bc6 24.h3 Ra8 25.Qg3 Nf6 26.Bd4 Kh8 27.c3 Ra5 28.Nb4 Ne8 29.Nxc6 Qxc6
30.b4 Ra8 31.Rda2 Rbb8 32.e5 d5 33.Bd1 Qc4 34.Be2 Qb3 35.Qd3 Rc8 36.Bd1 Qc4
37.Qxc4 Rxc4 38.Rxa4 Rac8 39.Be2 R4c7 40.Ra8 g6 41.Bb5 Ng7 42.Bd7 Rd8 43.Rxd8+ Bxd8
44.Ra8 Rxd7 45.Bb6 Nf5 46.Bxd8 Kg7 47.Bf6+ Kh6 48.g4 Ne3 49.Rg8  1-0

[Event "Linares zt"]
[Site "Linares"]
[Date "1995.??.??"]
[Round "3"]
[White "Apicella, Manuel"]
[Black "Berend, Fred"]
[Result "1/2-1/2"]
[WhiteElo "2555"]
[BlackElo "2415"]

1.e4 c5 2.Nf3 e6 3.d4 cxd4 4.Nxd4 Nc6 5.Nc3 a6 6.Be2 d6 7.O-O Nf6 8.a4 Be7
9.Kh1 O-O 10.f4 Qc7 11.Nb3 b6 12.Be3 Bb7 13.Bd3 Nd7  1/2-1/2

[Event "Linares zt"]
[Site "Linares"]
[Date "1995.??.??"]
[Round "6"]
[White "Ribeiro, Fernando"]
[Black "Berend, Fred"]
[Result "0-1"]
[WhiteElo "2305"]
[BlackElo "2415"]

1.e4 c5 2.Nf3 e6 3.d4 cxd4 4.Nxd4 Nc6 5.Nc3 a6 6.Be3 Nf6 7.Bd3 d5 8.exd5 exd5
9.O-O Bd6 10.h3 O-O 11.Nxc6 bxc6 12.Na4 Rb8 13.b3 Ne4 14.Bxe4 dxe4 15.Bc5 Bxc5
16.Qxd8 Bxf2+ 17.Kxf2 Rxd8 18.Ke3 Re8 19.Rad1 Rb5 20.Rd6 Rg5 21.Rf2 h5 22.Re2 h4
23.Rxc6 Rg3+ 24.Kd4 Rd8+ 25.Kc5 e3 26.Kb6 f5 27.Nc5 Re8 28.b4 f4 29.Ne4 Bd7
30.Nxg3 Bxc6 31.Kxc6 hxg3 32.c4 Rd8 33.a4 Rd2 34.Re1 Rxg2 35.b5 axb5 36.axb5 Rb2  0-1

[Event "Linz"]
[Site "Linz"]
[Date "1995.??.??"]
[Round "6"]
[White "Klundt, Klaus"]
[Black "Teske, Henrik"]
[Result "1/2-1/2"]
[WhiteElo "2350"]
[BlackElo "2465"]

1.e4 c5 2.Nf3 e6 3.d4 cxd4 4.Nxd4 Nc6 5.Nc3 Qc7 6.g3 Nf6 7.Ndb5 Qb8 8.Bf4 e5
9.Bg5 a6 10.Bxf6 gxf6 11.Na3 Bxa3 12.bxa3 Ne7 13.Bg2 Qc7 14.Qd2 d6 15.O-O Be6
16.Nd1 Rc8 17.Ne3 O-O 18.Rad1 Rfd8 19.f4 Qc3 20.Qf2 Qxa3 21.Kh1 Qc5 22.Qf3 exf4
23.gxf4 f5 24.Qg3+ Kh8 25.Qh4 Ng8  1/2-1/2

[Event "Lippstadt"]
[Site "Lippstadt"]
[Date "1995.??.??"]
[Round "4"]
[White "Forster, Richard"]
[Black "Matthias, Heiner"]
[Result "0-1"]
[WhiteElo "2370"]
[BlackElo "2330"]

1.e4 c5 2.Nf3 e6 3.d4 cxd4 4.Nxd4 Nc6 5.Nc3 Qc7 6.Be2 a6 7.O-O Nf6 8.Be3 Be7
9.f4 d6 10.Qe1 O-O 11.Qg3 Bd7 12.Kh1 Kh8 13.Rad1 Rac8 14.a3 Be8 15.Nf3 Na5
16.e5 dxe5 17.fxe5 Ng8 18.Ne4 f6 19.Bf4 Qb6 20.Bd3 Bb5 21.exf6 Nxf6 22.Be5 Bxd3
23.Rxd3 Nc4 24.Bd4 Qc6 25.Neg5 e5 26.Bxe5 Nh5 27.Qg4 Nxe5 28.Qxh5 Bxg5 29.Qxg5 Nxd3
30.cxd3 Qg6 31.Qd2 Rcd8 32.Rd1 Qh5 33.Rf1 Qd5 34.h3 Qxd3 35.Qf2 h6 36.Rc1 Qd5
37.Qg3 Kh7 38.Rc7 Qd1+ 39.Kh2 Rd7 40.Rc4 Qd6 41.Ne5 Re7 42.Qd3+ Qxd3 43.Nxd3 Rf1
44.h4 h5 45.Nf4 Rfe1 46.Nh3 g6 47.Rb4 Kg7 48.Ng5 R1e2 49.Rb6 Kh6 50.Kg3 Rc2
51.a4 Rc4 52.b3 Rg4+ 53.Kh3 a5 54.Ne6 Rb4 55.Rd6 Rxb3+ 56.g3 Rc3 57.Nd4 Kh7
58.Ne6 Rc6 59.Ng5+ Kg7 60.Rd5 b6 61.Rb5 Kh6 62.Rd5 Rc2 63.Nf3 Ree2 64.Rd8 Rc1  0-1

[Event "Lisboa Mestres-B"]
[Site "Lisboa"]
[Date "1995.??.??"]
[Round "6"]
[White "Charneira, Hermenegildo"]
[Black "Gaspar, Artur"]
[Result "1/2-1/2"]
[WhiteElo "2145"]
[BlackElo "2220"]

1.e4 c5 2.Nf3 e6 3.d4 cxd4 4.Nxd4 Nc6 5.Nc3 Qc7 6.Be3 a6 7.Be2 Nf6 8.O-O Be7
9.a4 O-O 10.Nb3 b6 11.f4 d6 12.Bf3 Bb7 13.Qe1 Rab8 14.Qg3 Kh8 15.Rae1 Rfe8
16.e5 Nd7 17.exd6 Bxd6 18.Bxc6 Bxc6 19.Nd4 Nf6 20.Nxc6 Qxc6 21.Kh1 Bc5 22.h3 b5
23.axb5 axb5 24.Bxc5 Qxc5 25.Qf2 Qb4 26.Nd1 Red8 27.c3 Qd6 28.Qe3 h6 29.Nf2 Qd2
30.Qa7 Qd7 31.Qxd7 Rxd7 32.Rd1 Rbd8 33.Rxd7 Rxd7 34.Rd1 Rxd1+ 35.Nxd1 Nh5
36.f5 Ng3+ 37.Kg1 Nxf5 38.Kf2 Kg8 39.g4 Nd6 40.Ke3 e5 41.Kd3 g6 42.b3 f5
43.c4 bxc4+ 44.bxc4 Kf7 45.c5 Ne4 46.Kc4 Ke6 47.c6 f4 48.c7 Nd6+ 49.Kc5 e4
50.Nc3 e3 51.Kc6 g5 52.Nb5 Nc8 53.Kb7 Ne7 54.Nd4+ Kf7 55.Kb8 Kf6 56.Kb7 Kf7
57.Kb8 Ke8 58.Kb7 Kf7  1/2-1/2

[Event "Lisboa"]
[Site "Lisboa"]
[Date "1995.??.??"]
[Round "6"]
[White "Damaso, Rui"]
[Black "Costa, F."]
[Result "1/2-1/2"]
[WhiteElo "2415"]
[BlackElo "2025"]

1.e4 c5 2.Nf3 Nc6 3.d4 cxd4 4.Nxd4 e6 5.Nc3 a6 6.Bf4 Nxd4 7.Qxd4 Ne7 8.h4 Nc6
9.Qd2 Be7 10.O-O-O Qa5 11.Kb1 b5 12.h5 h6 13.Rh3 b4 14.Ne2 e5 15.Be3 d6 16.Rg3 Be6
17.Nc1 Kf8 18.Be2 Qc7 19.Bg4 Bh4 20.Bxe6 Bxg3 21.Bd5 Bh4 22.Nd3 a5 23.g3 Bf6
24.c3 Rb8 25.Rc1 Qd7 26.cxb4 Nxb4 27.Nxb4 axb4 28.Rc6 Ke7 29.Rc4 b3 30.axb3 Rhc8
31.Qc2 Kf8 32.b4 Bd8 33.b5 Rxc4 34.Bxc4 Bb6 35.Bxb6 Rxb6 36.Qd3 Ke7 37.Qf3 Kf8
38.Qd3  1/2-1/2

[Event "Lisboa"]
[Site "Lisboa"]
[Date "1995.??.??"]
[Round "8"]
[White "Ribeiro, Fernando"]
[Black "Costa, F."]
[Result "1-0"]
[WhiteElo "2240"]
[BlackElo "2025"]

1.e4 c5 2.Nf3 Nc6 3.d4 cxd4 4.Nxd4 e6 5.Nc3 a6 6.Be2 Qc7 7.O-O Nf6 8.Kh1 Be7
9.f4 d6 10.Be3 Bd7 11.a4 O-O 12.Qe1 Rac8 13.Qg3 Kh8 14.Rae1 Qa5 15.Nb3 Qb4
16.e5 dxe5 17.fxe5 Ng8 18.Rf4  1-0

[Event "Ljubljana op"]
[Site "Ljubljana"]
[Date "1995.??.??"]
[Round "9"]
[White "Mazi, Leon"]
[Black "Podlesnik, Bogdan"]
[Result "0-1"]
[WhiteElo "2345"]
[BlackElo "2395"]

1.e4 c5 2.Nc3 e6 3.Nf3 Nc6 4.d4 cxd4 5.Nxd4 Nf6 6.Nxc6 bxc6 7.e5 Nd5 8.Ne4 Qc7
9.f4 Qb6 10.c4 Bb4+ 11.Ke2 f5 12.Nf2 Ba6 13.Kf3 Ne7 14.Be3 Bc5 15.Bxc5 Qxc5
16.Qd6 Qb6 17.b3 c5 18.Nd3 Rc8 19.Qxb6 axb6 20.h4 Nc6 21.Be2 Nd4+ 22.Kf2 Bb7
23.Bd1 Ra8 24.a4 Be4 25.Rh3 Ke7 26.Ra2 Bxd3 27.Rxd3 d6 28.exd6+ Kxd6 29.Re2 Ke7
30.Re1 Rad8 31.Rde3 Rd6 32.g4 fxg4 33.Bxg4 Kf6 34.Re5 g6 35.R1e3 Re8 36.h5 Rg8
37.hxg6 hxg6 38.Rg5 Nf5 39.Bxf5 exf5 40.Re5 Rh8 41.Rg3 Rh2+ 42.Ke3 Rb2 43.a5 Rxb3+
44.Kf2 Rxg3 45.Kxg3 bxa5 46.Rxc5 Ra6 47.Rb5 a4 48.c5 Ke6  0-1

[Event "POL-chT"]
[Site "Lubniewice"]
[Date "1995.??.??"]
[Round "4"]
[White "Dworakowska, Joanna"]
[Black "Sikora Gizynska, Bozena"]
[Result "0-1"]
[WhiteElo "2290"]
[BlackElo "2160"]

1.e4 c5 2.Nf3 e6 3.d4 cxd4 4.Nxd4 Nc6 5.Nc3 Qc7 6.Be2 a6 7.O-O Nf6 8.Kh1 Be7
9.f4 d6 10.Nf3 O-O 11.Qe1 b5 12.e5 Ne8 13.Qg3 Bb7 14.Bd3 Nb4 15.Ng5 Nxd3
16.cxd3 Bxg5 17.Qxg5 f6 18.exf6 Nxf6 19.Be3 Nd5 20.Nxd5 Bxd5 21.Bd4 Rf5 22.Qg3 Raf8
23.Rac1 Qf7 24.Rg1 Rh5 25.a3 Rh6 26.Be3 Qf5 27.Rc3 Rh3 28.Qxh3 Qxh3 29.Bd4 Rxf4
30.Rc8+ Rf8 31.Rc7 e5  0-1

[Event "POL-chT"]
[Site "Lubniewice"]
[Date "1995.??.??"]
[Round "5"]
[White "Ciemniak, Robert"]
[Black "Staniszewski, Piotr"]
[Result "0-1"]
[WhiteElo "2395"]
[BlackElo "2405"]

1.e4 c5 2.Nf3 e6 3.d4 cxd4 4.Nxd4 Nc6 5.Nc3 d6 6.Be3 Nf6 7.g4 Nxd4 8.Bxd4 e5
9.Be3 Bxg4 10.f3 Be6 11.Bb5+ Nd7 12.Qe2 Be7 13.O-O-O O-O 14.Rhg1 g6 15.h4 Bxh4
16.Rxd6 Qe7 17.Rd2 Rfd8 18.f4 exf4 19.Bxf4 Nb6 20.Bd3 Rac8 21.Qh2 Rxc3 22.bxc3 Na4
23.Qxh4 Qxh4 24.Bg5 Qh5 25.Be2 Rxd2 26.Bxh5 Rd7 27.Bf6 Bxa2 28.Be2 Rd6 29.e5 Rb6
30.Rg4 Nxc3 31.Bc4 Bxc4 32.Rxc4 Rc6 33.Rh4 Nd5 34.Bg5 f6 35.Rd4 fxg5 36.Rxd5 Re6
37.Kd2 Kf7 38.Ke3 h5 39.Ke4 g4 40.Rd8 g3 41.Kd5 g2  0-1

[Event "POL-chT"]
[Site "Lubniewice"]
[Date "1995.??.??"]
[Round "6"]
[White "Dworakowski, Lukasz"]
[Black "Schmidt, Wlodzimierz"]
[Result "1/2-1/2"]
[WhiteElo "2340"]
[BlackElo "2450"]

1.e4 c5 2.Nf3 e6 3.d4 cxd4 4.Nxd4 Nc6 5.Nc3 Qc7 6.f4 a6 7.Nxc6 bxc6 8.e5 d5
9.exd6 Bxd6 10.Ne4 Be7 11.Bd3 Nf6 12.O-O O-O 13.Qe2 Bb7 14.b3 c5 15.Bb2 Nxe4
16.Bxe4 Bxe4 17.Qxe4 c4  1/2-1/2

[Event "POL-chT"]
[Site "Lubniewice"]
[Date "1995.??.??"]
[Round "11"]
[White "Socko, Bartosz"]
[Black "Klimaszewski, Dariusz"]
[Result "1/2-1/2"]
[WhiteElo "2485"]
[BlackElo "2275"]

1.e4 c5 2.Nf3 e6 3.d4 cxd4 4.Nxd4 Nc6 5.Nc3 Nf6 6.Ndb5 d6 7.Bf4 e5 8.Bg5 a6
9.Na3 b5 10.Nd5 Be7 11.Bxf6 Bxf6 12.c3 Ne7 13.Nxf6+ gxf6 14.Qf3 f5 15.exf5 Bxf5
16.Bd3 Be6 17.O-O d5 18.Rfe1 e4 19.Qf6 Rg8 20.Bf1 Nf5 21.Qxd8+ Kxd8 22.Nc2 Kc7
23.a4 Kb6 24.Red1 Rgd8 25.Be2 Rac8 26.axb5 axb5 27.Nb4 d4 28.Ra6+ Kc5 29.Rda1 d3
30.Bd1 d2 31.b3 Nd4 32.Rb1 Ra8 33.Rba1 Rac8 34.Rb1 Ra8 35.Kf1 Rxa6 36.Nxa6+ Kb6
37.cxd4 Kxa6 38.Ke2 Rxd4 39.Ke3 Rd3+ 40.Kxe4 Rc3 41.Rb2 Bxb3 42.Rxb3 Rc1
43.Bh5 d1=Q 44.Bxd1 Rxd1 45.Rh3 Rd7 46.f4 Ka5 47.Kf5 b4 48.Kf6 Rb7 49.Rb3 Ka4
50.Rb1 b3 51.f5 Ka3 52.g4 Ka2 53.Re1 b2 54.g5 b1=Q 55.Rxb1 Kxb1 56.h4 Kc2
57.h5 Kd3 58.g6 fxg6 59.hxg6 Rb6+ 60.Kg5 hxg6 61.fxg6 Ke4 62.g7 Rb1 63.Kf6 Rg1
64.Kf7 Kf5 65.g8=Q Rxg8 66.Kxg8  1/2-1/2

[Event "Madras zt"]
[Site "Madras"]
[Date "1995.??.??"]
[Round "1"]
[White "Prasad, Devaki V"]
[Black "Abdul Rahim, Sameer"]
[Result "1/2-1/2"]
[WhiteElo "2460"]
[BlackElo "2300"]

1.e4 c5 2.Nf3 e6 3.d4 cxd4 4.Nxd4 Nc6 5.Nc3 Qc7 6.Be2 a6 7.Be3 Nf6 8.O-O Bb4
9.Na4 O-O 10.Nxc6 bxc6 11.f4 Be7 12.Bd3 Rb8 13.c4 d6 14.Kh1 e5 15.fxe5 Ng4
16.Bd4 Nxe5 17.Bxe5 dxe5 18.c5 Rb4 19.b3 Be6 20.Qe2 a5 21.Rac1 Bg5 22.Rc2 Rd4
23.Nb6 Qe7 24.Bc4 Bxc4 25.Nxc4 Qxc5 26.Qg4 Bh6 27.Qf5 Bf4 28.g3 g6 29.Qf6 Bh6
30.Qxe5 Qxe5 31.Nxe5 a4 32.Nxc6 Rxe4 33.b4 Rfe8 34.Kg2 f5  1/2-1/2

[Event "Madras zt"]
[Site "Madras"]
[Date "1995.??.??"]
[Round "5"]
[White "Hakki, Imad"]
[Black "Al Modiahki, Mohamad"]
[Result "1-0"]
[WhiteElo "2360"]
[BlackElo "2360"]

1.e4 c5 2.Nf3 e6 3.d4 cxd4 4.Nxd4 Nc6 5.Nc3 Qc7 6.g3 a6 7.Bg2 d6 8.O-O Be7
9.Re1 Bd7 10.Nxc6 Bxc6 11.Qg4 h5 12.Qe2 h4 13.a4 hxg3 14.hxg3 Nf6 15.Bd2 Rc8
16.b4 O-O 17.g4 Bd7 18.g5 Nh7 19.Qg4 Bxg5 20.Bxg5 Nxg5 21.Re3 f6 22.Qg3 Nf7
23.f4 Qb6 24.Kh2 g5 25.e5 f5 26.exd6 Kg7 27.a5 Qxb4 28.Rf1 Rh8+ 29.Kg1 Qd4
30.Ne2 Qxd6 31.Rd3 Qc5+ 32.Rf2 Bb5 33.Nd4 Qe7 34.Re3 Qf6 35.Nxe6+ Kg6 36.c3 g4
37.Bxb7 Rb8 38.Nd4 Bd7 39.Qg2 Qh4 40.Qd5 Qf6 41.Qxd7 Nd8 42.Rb2  1-0

[Event "Madras zt"]
[Site "Madras"]
[Date "1995.??.??"]
[Round "8"]
[White "Ramesh, RB."]
[Black "Tilak, Sharad S"]
[Result "1-0"]
[WhiteElo "2330"]
[BlackElo "2415"]

1.e4 c5 2.Nf3 e6 3.d4 cxd4 4.Nxd4 Nc6 5.Nc3 Qc7 6.Be3 a6 7.Qd2 Nf6 8.f3 b5
9.g4 h6 10.O-O-O Bb7 11.h4 Bb4 12.a3 Ba5 13.b4 Nxd4 14.Qxd4 e5 15.Qc5 Qxc5
16.Bxc5 Bc7 17.Bh3 Rd8 18.Bd6 Bxd6 19.Rxd6 Bc6 20.Rhd1 Ke7 21.Bf1 Ne8 22.R6d3 Nc7
23.Nd5+ Bxd5 24.exd5 Kd6 25.a4 Rb8 26.Ra3 Rhf8 27.Bd3 g6 28.axb5 axb5 29.Ra5 Ra8
30.Rxa8 Rxa8 31.Kb2 Rf8 32.Kb3 f5 33.gxf5 gxf5 34.Rg1 Kxd5 35.Rg7 Ke6 36.c4 bxc4+
37.Bxc4+ d5 38.Rxc7 dxc4+ 39.Kxc4 e4 40.fxe4 fxe4 41.Kd4 Rb8 42.Rc4 Kf5 43.Ke3 Re8
44.b5 h5 45.b6 Rb8 46.Rb4 Rb7 47.Rb3 Kg4 48.Kxe4 Kxh4 49.Kf5 Rf7+ 50.Kg6  1-0

[Event "Madras zt"]
[Site "Madras"]
[Date "1995.??.??"]
[Round "9"]
[White "Tilak, Sharad S"]
[Black "Al Modiahki, Mohamad"]
[Result "1-0"]
[WhiteElo "2415"]
[BlackElo "2360"]

1.e4 c5 2.Nf3 e6 3.d4 cxd4 4.Nxd4 Nc6 5.Nc3 Qc7 6.Be3 a6 7.Bd3 Nf6 8.O-O Ne5
9.h3 Bc5 10.Kh1 d6 11.f4 Ng6 12.Qd2 O-O 13.Rae1 b5 14.a3 e5 15.fxe5 dxe5
16.Nf5 Bxe3 17.Rxe3 Nf4 18.Ref3 Bxf5 19.exf5 Rad8 20.Re1 Rfe8 21.Qf2 Rd6
22.Rfe3 Red8 23.Rxe5 Nxd3 24.cxd3 Rxd3 25.Qc5 Qxc5 26.Rxc5 Rd2 27.b4 h6 28.Rc6 Rc2
29.Re2 Rc1+ 30.Kh2 Rd3 31.Nd5 Rxc6 32.Ne7+ Kf8 33.Nxc6 Rc3 34.Na5 Nd5 35.Rd2 Ne3
36.Rd6 Nxf5 37.Rxa6 g6 38.Nc6 Ne3 39.Nd4 Kg7 40.Nxb5 Rc2 41.Kg3 Nxg2 42.Nd6 Ne1
43.b5 Kf6 44.Rc6 Re2 45.b6 g5 46.Kg4 Rg2+ 47.Kh5 Rh2 48.b7 Nd3 49.Nc4+ Kf5
50.Kxh6  1-0